000 01075nam a22003017a 4500
001 0053934
003 KOHA_MİRAKIL
005 20260207003931.0
007 ta
008 151112b2015 xx |||gr||||#||||0|tur |
020 _a9789757004738
040 _aTR-BiSEU
_btur
_cTR-BiSEU
_erda
041 0 _atur
050 _aBF449
_b.L48 2015
100 1 _aLevitt, Steven.
245 1 _aGörünmeyeni düşünmek :
_bsıra dışı bir bakış açısı kazanmanın yolları/
_cSteven Levitt ; Steven D. Levitt, Stephen J. Dubner; Çevirmen İclal Büyükdevrim Özçelik.
264 1 _aİstanbul :
_bBoyner
_c2015
300 _a211 sayfa; 25 cm.
336 _ametin
_btxt
_2rdacontent
337 _aaracısız
_bn
_2rdamedia
338 _acilt
_bnc
_2rdacarrier
500 _aÖzgün Adı : hink like a freak the authors of Freakonomics offer to retrain your brain.
650 0 _aProblem solving.
_99242
650 0 _aCognitive psychology.
_936946
650 0 _aThought and thinking--Social aspects.
_9100425
650 0 _aCreative thinking.
_922583
942 _2lcc
_cBK
999 _c53743
_d53743